000 00650nam a2200277Ia 4500
005 20260324150150.0
008 008 260324s9999 xx 000 0 eng d
020 _a9781351106450
037 _aEBOOK
040 _aCRL
040 _beng
040 _cCRL
041 _2eng
041 _aeng
084 _qCRL
100 _aJoseph P. Martino
_91225471
245 3 _aAn Introduction to Technological Forecasting
260 _bTaylor and Francis
260 _c1972
365 _a
365 _b170
856 _uhttp://www.taylorfrancis.com/books/9781351106450
942 _cEBOOK
999 _c1834480
_d1834480